Kaizen a jeho implementácia vo výrobnom procese v konkrétnom slovenskom podniku diplomová práca

Guardado en:
Detalles Bibliográficos
Autor principal: Halapy, Ladislav
Autor Corporativo: Podnikovohospodárska fakulta EU so sídlom v Košiciach. Katedra informačnej a jazykovej komunikácie
Otros Autores: Dugas, Jaroslav, 1967-
Formato: Libro
Lenguaje:eslovaco
Publicado: Košice 2017
Etiquetas: Agregar Etiqueta
Sin Etiquetas, Sea el primero en etiquetar este registro!

MARC

LEADER 00000nbm a2200000 4500
001 0231508
005 20171121124646.5
041 0 |a slo 
044 |a SK 
245 1 0 |a Kaizen a jeho implementácia vo výrobnom procese v konkrétnom slovenskom podniku  |b diplomová práca  |c Ladislav Halapy ; školiteľ: Jaroslav Dugas 
264 1 |a Košice  |c 2017 
300 |a 68 s. 
100 1 |a Halapy, Ladislav 
700 1 |a Dugas, Jaroslav, 1967- 
710 2 |a Podnikovohospodárska fakulta EU so sídlom v Košiciach. Katedra informačnej a jazykovej komunikácie